True face of Jinnah : (Record no. 151191)
[ view plain ]
| 000 -LEADER | |
|---|---|
| fixed length control field | 00807nam a22001937a 4500 |
| 005 - DATE AND TIME OF LATEST TRANSACTION | |
| control field | 20180413150621.0 |
| 010 ## - LCCN (DPL NO) | |
| LC control number | B-690914-915 |
| 020 ## - INTERNATIONAL STANDARD BOOK NUMBER | |
| International Standard Book Number | 9788184420401 |
| Terms of availability | 795.00 |
| 035 ## - SYSTEM CONTROL NUMBER | |
| System control number | B-690914-915 |
| 037 ## - SOURCE OF ACQUISITION | |
| Source of stock number/acquisition | Universal Voice |
| 082 ## - DEWEY DECIMAL CLASSIFICATION NUMBER | |
| Classification number | 921 |
| 245 ## - TITLE STATEMENT | |
| Title | True face of Jinnah : |
| Statement of responsibility, etc | by N.Kunju |
| Remainder of title | excerpts from Jinnah's speeches with an analytical introduction / |
| 260 ## - PUBLICATION, DISTRIBUTION, ETC. (IMPRINT) | |
| Place of publication, distribution, etc | New Delhi |
| Name of publisher, distributor, etc | Universal Voice |
| Date of publication, distribution, etc | 2011 |
| 270 ## - ADDRESS | |
| Address | GF-6, Prakash Deep Building, 4735/22, Ansari Road, Darya Ganj, |
| City | New Delhi |
| Postal code | 110002 |
| 300 ## - PHYSICAL DESCRIPTION | |
| Extent | 184p. |
| Dimensions | 21cm.(Hb) |
| 500 ## - GENERAL NOTE | |
| General note | Balidani |
| 942 ## - ADDED ENTRY ELEMENTS (KOHA) | |
| Source of classification or shelving scheme | Dewey Decimal Classification |
| Item type | English Books |
| Call number suffix | KUN |
| Classification part | 921 |
| Withdrawn status | Lost status | Not for loan | Collection code | Home library | Current library | Date acquired | Source of acquisition | Cost, normal purchase price | Full call number | Barcode | Copy number | Cost, replacement price | Koha item type | Public note |
|---|---|---|---|---|---|---|---|---|---|---|---|---|---|---|
| Non-fiction | Central Library | Central Library | 13/04/2018 | Universal 032/06.03.2018/801/19.02.2018/12.03.2018 | 795.00 | 921 KUN | B-690914 | 1 | 795.00 | English Books | Balidani | |||
| Non-fiction | Sarojini Nagar | Sarojini Nagar | 13/04/2018 | Universal 032/06.03.2018/801/19.02.2018/12.03.2018 | 795.00 | 921 KUN | B-690915 | 1 | 795.00 | English Books | Balidani |
